| 000 | 00347nam a22001457a 4500 | ||
|---|---|---|---|
| 020 | _a978-93-51073-47-5 | ||
| 041 | _aENG | ||
| 100 | _aKutz .M | ||
| 245 | _aHandbook of Farm Dairy And Food machinery Engineering | ||
| 250 | _aSecond edition | ||
| 260 |
_aNew Delhi _bAp _c2005 |
||
| 300 | _a735 | ||
| 650 | _aGate | ||
| 856 | _uCompetitive Exam | ||
| 999 |
_c216 _d216 |
||